Ja sa z Teba zbláznim! rodičia a výchova detí s ADHD

Bibliographic Details
Main Author: Vancáková, Soňa (Author)
Format: Book
Language:Slovak
PhysicalDescription:167 strán schémy, tabuľky 22 cm
Published: [Košice] Equilibria, s.r.o. 2018
ISBN:9788081432248
Edition:Vydanie: prvé
Subjects:

MARC

LEADER 00000cam a2200000 4500
001 vtls011774055
003 SK-MaSNL
005 20260301100017.0
008 201207s2018 xo l g n 000 0 slo
015 |a SNBA2018/09 
020 |a 9788081432248  |q (viazané) 
035 |a 67B7D269-81B4-43B1-93C4-18B22B7DCA4C 
035 |a urn:nbn:sk:snk-am3iatm 
035 |a urn:nbn:sk:snk-am00d9ga 
040 |a SNK  |b slo  |c SNK  |e rda 
041 0 |a slo 
044 |a xo  |c SK 
072 7 |a 37  |x Výchova a vzdelávanie  |2 konspekt 
080 |a 37.015.311-053.2  |2 2011  |2 2011 
080 |a 616.89-008.47-008.481  |2 2011 
080 |a 316.344.6-053.2:616.89-008.481  |2 2011 
080 |a (048.8)  |2 2011 
080 |a 173.5:173.7  |2 2011 
100 1 |a Vancáková, Soňa  |4 aut  |9 162956 
245 1 0 |a Ja sa z Teba zbláznim!  |b rodičia a výchova detí s ADHD  |c Soňa Vancáková 
246 3 0 |a Rodičia a výchova detí s ADHD 
250 |a Vydanie: prvé 
264 1 |a [Košice]  |b Equilibria, s.r.o.  |c 2018 
300 |a 167 strán  |b schémy, tabuľky  |c 22 cm 
336 |a text  |b txt  |2 rdacontent 
337 |a bez média  |b n  |2 rdamedia 
338 |a zväzok  |b nc  |2 rdacarrier 
366 |e 300 kusov 
500 |a Miesto vydania podľa NA ISBN 
504 |a Bibliografia na s. 141-152 
650 0 7 |a výchova dieťaťa  |2 SNKPH  |9 21780 
650 0 7 |a Child rearing  |2 SNKPHeng  |9 276230 
650 0 7 |a porucha pozornosti spojená s hyperaktivitou  |2 SNKPH  |9 100092 
650 0 7 |a Attention deficit hyperactivity disorder  |2 SNKPHeng  |9 349852 
650 0 7 |a hyperaktívne deti  |2 SNKPH  |9 71339 
650 0 7 |a Hyperactive children  |2 SNKPHeng  |9 339534 
650 0 7 |a rodičia a deti  |2 SNKPH  |9 63347 
650 0 7 |a Parents and children  |2 SNKPHeng  |9 312750 
655 7 |a monografie  |2 SNKPH  |9 70139 
655 7 |a Monographs  |2 SNKPHeng  |9 120675 
852 |a Štátna vedecká knižnica v Banskej Bystrici 
919 |a 978-80-8143-224-8 
958 |a NB 
999 |c 684911  |d 686841 
952 |a SNK  |b SNK  |y PREZ  |7 0  |p 17A1335065  |o snkSC 180615  |i snk2018/17162  |8 0  |0 0  |1 0  |4 0  |d 2018-08-22  |f 1  |l 0  |r 2026-02-23 20:09:16  |w 2026-02-23 
952 |a SNK  |b SNK  |y VYP  |7 0  |p 17A1335066  |o snkSC 180615 D1  |i snk2018/17163  |8 0  |0 0  |1 0  |4 0  |d 2018-08-22  |l 0  |r 2026-02-23 20:09:16  |w 2026-02-23